000 00324nam a22001217a 4500
003 OSt
008 250205b |||||||| |||| 00| 0 eng d
041 _aeng
100 _aAlan Simpson
_97073
245 _aAdvance Techniques in d Base 111 Plus Programmers:
_bReference Guide
260 _bBPB Publications,
_c1986.
942 _cBK
999 _c19302
_d19302